000
00299nam a22001337a 4500
008
171101b xxu||||| |||| 00| 0 eng d
020
_a
0673189015
041
_a
eng
080
_2
2ND
_a
339
100
_a
59
101
_a
TRE
245
_a
UNDERSTANDING FUTURES MARKETS
_c
KOLB,R.W
942
_2
udc
_c
BK
999
_c
37034
_d
37034